LEADER 01123nam a2200277 i 4500 001 000000219161 003 CaOOAMICUS 005 20130312000000.0 008 130312s1985 it u000 u ita u 013 $a198058 020 $a88-263-0340-1 040 $aSeMil$bita 100 1 $aCharpentier, Étienne <1930-1981>.$0(OLS)http://semarc/name/89174 240 10$aPour lire l'Ancien Testament.$0(OLS)http://semarc/title/65455 245 10$aPer leggere l'Antico Testamento /$cEtienne Charpentier. 260 $aRoma :$bBorla,$cstampa 1985. 300 $a126 p. :$bill. ;$c21x21 cm. 490 0 $aPer leggere 650 4$aCatechismo - Manuali e sussidi.$0(OLS)http://semarc/subject/253 830 0$aPer leggere.$0(OLS)http://semarc/title/7958 850 $aSeMil 852 $aSeMil$W1$xVenegono$y1$m2W III 110$j169526$B169526$CSeMilBibl$Z2$F180517 $81 961 $aOmaggio: Tremolada don Pierantonio 996 $6020$a88-263-0340-1$9(OLS)http://semarc/number/217167 996 $6245$aPer leggere l'Antico Testamento$9(OLS)http://semarc/title/314474 996 $6260$aRoma :$bBorla$9(OLS)http://semarc/publisher/29677 LEADER 01842nam a2200397 i 4500 001 000000361915 003 CaOOAMICUS 005 20260317141357.0 008 250304s2025 be u000 u lat u 020 $a978-2-503-61200-3 040 $aSeMil$bita 041 0 $alat$ager 240 00$aOpera de computo.$0(OLS)http://semarc/title/452761 245 00$aOpera de computo :$ba tempore post Gerlandum usqve ad Johannem de Sacrobosco /$cedidit Alfred Lohr. 246 0 $iTit. del controfrontespizio$aOpera de computo saec. 12.-13. 264 1$aTurnhout :$bBrepols,$c2025. 300 $a139, 788 p. ;$c26 cm. 490 1 $aCorpus Christianorum. Continuatio Mediaevalis ;$v272.A 504 $aBibliographie, p. [119*]-139* 546 $aTesto in latino, introduzione e note in tedesco 650 4$aCalendario - Computo - Astronomia.$0(OLS)http://semarc/subject/48678 700 0 $aGerlandus.$0(OLS)http://semarc/name/121603 700 1 $aSacrobosco, Ioannes : de,$d<1195ca-1256).$0(OLS)http://semarc/name/121601 700 1 $aLohr, Alfred,$d<1942- >.$0(OLS)http://semarc/name/83037 830 0$aCorpus Christianorum. Continuatio Mediaevalis ;$v272.A.$0(OLS)http://semarc/title/35 850 $aSeMil 852 $aSeMil$W1$xVenegono$y1$mSL2.G CC.CM 272/A$j256251$B252858$CSeMilBibl$Z2$F252858 $8I 900 0 $aGiovanni : Sacrobosco. 900 1 $aHalifax, John. 996 $6020$a978-2-503-61200-3$9(OLS)http://semarc/number/302612 996 $6245$aOpera de computo :$ba tempore post Gerlandum usqve ad Johannem de Sacrobosco$9(OLS)http://semarc/title/452762 996 $6246$aOpera de computo saec. 12.-13.$9(OLS)http://semarc/title/452763 996 $6264$aTurnhout :$bBrepols$9(OLS)http://semarc/publisher/29626